|
|
|
|
| LEADER |
00000nam a2200000Ii 4500 |
| 001 |
DIGUANTIQ028 |
| 003 |
NyNyDIG |
| 006 |
m o d |
| 007 |
cr ||||||||||| |
| 008 |
211111s2020 ck b ob 000 0 spa d |
| 020 |
|
|
|a 9789585596733
|q eBook
|
| 020 |
|
|
|z 9789585596726
|
| 035 |
|
|
|a (OCoLC)1248693257
|
| 040 |
|
|
|a DGITA
|b eng
|e rda
|e pn
|c DGITA
|
| 043 |
|
|
|a s-ck---
|
| 050 |
1 |
4 |
|a HT129.C7 ebook
|
| 082 |
0 |
4 |
|a 307.7609861
|
| 100 |
1 |
|
|a Acosta Franco, Yirla Marisol,
|e author.
|
| 245 |
1 |
0 |
|a Traslados y abandonos de ciudades y villas :
|b Nuevo Reino de Granada y Popayán, siglos XVI y XVII /
|c Yirla Marisol Acosta Franco.
|
| 250 |
|
|
|a Primera edición.
|
| 264 |
|
1 |
|a Medellín, Colombia :
|b Universidad de Antioquía,
|c [2020]
|
| 300 |
|
|
|a 1 online resource :
|b maps.
|
| 336 |
|
|
|a text
|b txt
|2 rdacontent
|
| 337 |
|
|
|a computer
|b c
|2 rdamedia
|
| 338 |
|
|
|a online resource
|b cr
|2 rdacarrier
|
| 347 |
|
|
|a text file
|2 rdaft
|
| 347 |
|
|
|b EPUB
|
| 490 |
1 |
|
|a FCSH investigación. Historia
|
| 500 |
|
|
|a "Facultad de Ciencias Sociales y Humanas".
|
| 504 |
|
|
|a Includes bibliographical references.
|
| 588 |
0 |
|
|a Online resource; title from EPUB title page (Digitalia, viewed November 11, 2021)
|
| 650 |
|
0 |
|a Cities and towns
|z Colombia
|x History.
|
| 650 |
|
0 |
|a City planning
|z Colombia
|x History.
|
| 650 |
|
0 |
|a Cities and towns
|z Grenada
|x History.
|
| 650 |
|
0 |
|a City planning
|z Grenada
|x History.
|
| 650 |
|
0 |
|a Urbanization
|x Colonies
|z Spain.
|
| 651 |
|
0 |
|a Spain
|x Colonies
|z America.
|
| 655 |
|
0 |
|a Electronic books.
|
| 791 |
2 |
|
|a Digitalia (Firm),
|e distributor.
|
| 793 |
0 |
|
|g Digitalia eBook Collection:
|a Universidad de Antioquía
|
| 776 |
0 |
8 |
|i Print version:
|a Acosta Franco, Yirla Marisol.
|t Traslados y abandonos de ciudades y villas.
|b Primera edición.
|d Medellín, Colombia : Universidad de Antioquía, [2020]
|z 9789585596726
|
| 830 |
|
0 |
|a FCSH investigación (Universidad de Antioquia. Facultad de Ciencias Sociales y Humanas).
|p Historia.
|
| 856 |
4 |
0 |
|3 Digitalia Hispánica
|u https://www.digitaliapublishing.com/a/82756/
|
| 910 |
|
|
|a Premium collection: 2021
|